Statistics for Alphabet Backwards: 15 second Sprint

Click here to take the quiz!

General Stats

  • This quiz has been taken 45 times
  • The average score is 15 of 26

Answer Stats

Answer % Correct
Z
100%
Y
95%
X
95%
W
95%
V
95%
U
95%
T
95%
S
89%
R
84%
Q
79%
P
68%
O
68%
N
68%
M
58%
L
47%
K
42%
J
42%
H
37%
I
32%
G
32%
F
21%
E
21%
D
16%
C
16%
B
16%
A
16%

Score Distribution

Percentile by Number Answered

Percent of People with Each Score

Your Score History

You have not taken this quiz